| 000 | 00791cam a2200253 i 4500 | ||
|---|---|---|---|
| 001 | 849648 | ||
| 003 | GBCCL | ||
| 005 | 20241126110335.0 | ||
| 008 | 790911s1979 txu 000 0 eng | ||
| 010 | _a 78063745 | ||
| 020 |
_a0849928680 : _c$6.95 |
||
| 040 |
_aDLC _cDLC _dDLC |
||
| 050 | 0 | 0 |
_aBV4501.2 _b.M776 |
| 082 | 0 | 0 |
_a248.4 _bMUR |
| 100 | 1 |
_aMurchison, Anne Ferrell. _9314 |
|
| 245 | 1 | 0 |
_aMilk for babes : _busing the Bible to find the answers to life's questions / _cAnne Ferrell Murchison. |
| 260 |
_aWaco, Tex. : _bWord Books, _cc1979. |
||
| 300 |
_a255 p. ; _c22 cm. |
||
| 600 | 1 | 0 |
_aMurchison, Anne Ferrell. _9314 |
| 650 | 0 |
_aChristian life. _9183 |
|
| 650 | 0 |
_aTheology, Doctrinal _xPopular works. _9315 |
|
| 906 |
_a7 _bcbc _corignew _du _eopcn _f19 _gy-gencatlg |
||
| 942 |
_2ddc _cBK |
||
| 999 |
_c317 _d317 |
||